| 000 | 00705nam a2200253 a 4500 | ||
|---|---|---|---|
| 008 | |||
| 020 | _a0240516915 (pbk.) | ||
| 049 | _aMAIN | ||
| 090 |
_aPN4784.F37 _bHEN |
||
| 100 | 1 | _aHennessy, Brendan. | |
| 245 | 1 | 0 |
_aWriting feature articles / _cBrendan Hennessy. |
| 250 | _a4th ed. | ||
| 260 |
_aLondon : _bElsevier, _c2006. |
||
| 300 |
_axiv, 414 p. : _bill. ; _c24 cm. |
||
| 504 | _alncludes bibliographical references. | ||
| 500 | _alncludes index. | ||
| 650 | _aFeature writing. | ||
| 650 | _aJournalism. | ||
| 907 |
_a.b1031507x _b05-03-15 _c23-05-12 |
||
| 003 | |||
| 005 | 20230123125434.0 | ||
| 040 | _cNUST | ||
| 942 |
_cBOOKS _kPN4784.F37 _mHEN |
||
| 999 |
_c141517 _d141517 |
||